Загрузка...
Bhadushayude Pranayam /
| Главный автор: | |
|---|---|
| Язык: | Undetermined |
| Предметы: |
| LEADER | 00392nam a2200121Ia 4500 | ||
|---|---|---|---|
| 001 | 65016 | ||
| 008 | 170722s9999 xx 000 0 und d | ||
| 100 | |a Narayana Pillai, M. R. | ||
| 245 | |a Bhadushayude Pranayam / | ||
| 653 | |a Malayalam Novel | ||
| 942 | |c GEN | ||
| 999 | |c 47033 |d 47033 | ||
| 952 | |0 0 |1 0 |4 0 |6 O_323NNA2B_J5_KR |7 0 |8 KR |9 66100 |a LIB |b LIB |d 2017-08-12 |o O32,3NNA2,B J5 (KR) |p 56674 |r 2017-08-12 |w 2017-08-12 |y GEN | ||